000 00773nam a22002537a 4500
999 _c354331
_d354331
001 117890
003 UA-OsUOA
005 20200221102237.0
007 ta
008 20160622b un ||||| |||| 00| 0 ukr d
040 _aUA-OsUOA
_bukr
_cUA-OsUOA
_dUA-OsUOA
041 _aukr
080 _a821.161.2:09
090 _a821.161.2:09
_bН63
100 _aНиколишин Д.
245 _aРозладдє
_bдрама в 4 актах
260 _aКоломия
_bГалицька Накладня
300 _a144 с.
591 _aРодина Лисиків
650 7 _a09 Рукописи. Раритети і рідкісні видання
_2UDC
650 7 _a82 Література. Літературознавство
942 _cRB
_2udc
955 _a3